रंग कोलाज (Record no. 1679267)

MARC details
000 -LEADER
fixed length control field 00898nam a2200205 4500
005 - DATE AND TIME OF LATEST TRANSACTION
control field 20260226152803.0
008 - FIXED-LENGTH DATA ELEMENTS--GENERAL INFORMATION
fixed length control field 260211b |||||||| |||| 00| 0 eng d
020 ## - INTERNATIONAL STANDARD BOOK NUMBER
International Standard Book Number 9788126700110 (hbk)
037 ## - SOURCE OF ACQUISITION
Terms of availability TB
040 ## - CATALOGING SOURCE
Original cataloging agency CRL
Transcribing agency CRL
084 ## - COLON CLASSIFICATION NUMBER
Classification number O152,2:g(NT) P0
Assigning agency CRL
245 ## - TITLE STATEMENT
Title रंग कोलाज
260 ## - PUBLICATION, DISTRIBUTION, ETC.
Place of publication, distribution, etc. नई दिल्ली, भारत:
Name of publisher, distributor, etc. राजकमल प्रकाशन,
Date of publication, distribution, etc. 2000.
300 ## - PHYSICAL DESCRIPTION
Extent 178पृ.
365 ## - TRADE PRICE
Price amount 595.00
Currency code INR
650 ## - SUBJECT ADDED ENTRY--TOPICAL TERM
Topical term or geographic name entry element हिन्दी नाटक
9 (RLIN) 1115145
650 ## - SUBJECT ADDED ENTRY--TOPICAL TERM
Topical term or geographic name entry element हिन्दी साहित्य
9 (RLIN) 1115146
942 ## - ADDED ENTRY ELEMENTS (KOHA)
Source of classification or shelving scheme Colon Classification (CC)
Suppress in OPAC No
Koha item type Textbook
Classification part O152,2:g(NT) P0
Holdings
Withdrawn status Lost status Source of classification or shelving scheme Damaged status Not for loan Home library Current library Date acquired Source of acquisition Cost, normal purchase price Inventory number Total Checkouts Full call number Barcode Date due Date last seen Date last checked out Price effective from Koha item type
    Colon Classification (CC)     Central Library Arts Library 2026-02-11 आई . ओ . ई प्रोजेक्ट बुक्स 595.00 आई . ओ . ई प्रोजेक्ट बुक्स 1 O152,2:g(NT) P0 CL1925876 2026-02-18 2026-02-18 2026-02-18 2026-02-11 Textbook
Copyright @ Delhi University Library System